[Event "Pereira Forero Cup 2nd"]
[Site "Pereira"]
[Date "2015.04.18"]
[Round "2"]
[White "Valencia, Jhon Sebastian"]
[Black "Nieto, Jose Fernando"]
[Result "0-1"]
[WhiteElo "1535"]
[BlackElo "1655"]
[PlyCount "70"]
[EventDate "2015.04.17"]
[EventType "swiss"]
[EventRounds "5"]
[EventCountry "COL"]
[SourceTitle "CBM 166 Extra"]
[Source "ChessBase"]
[SourceDate "2015.06.18"]
[SourceVersion "1"]
[SourceVersionDate "2015.06.18"]
[SourceQuality "1"]

1. e4 c5 2. Nf3 g6 3. d4 cxd4 4. Nxd4 Bg7 5. Nc3 Nc6 6. Be3 Qa5 7. Bd3 Nxd4 8. 0-0 Nc6 9. Bd2 Qc7 10. f4 d6 11. Rb1 Nf6 12. Bb5 0-0 13. Be3 a6 14. Ba4 b5 15. Bb3 Na5 16. Bd5 Bb7 17. Qf3 Bxd5 18. exd5 Nc4 19. b3 Nxe3 20. Qxe3 Ng4 21. Qg3 Bd4+ 22. Kh1 Nf2+ 23. Rxf2 Bxf2 24. Qxf2 Qxc3 25. Re1 Rfc8 26. Rxe7 Qxc2 27. Re2 Qb1+ 28. Re1 Rc1 29. Rxc1 Qxc1+ 30. Qg1 Rc8 31. h3 Qxf4 32. g3 Qf3+ 33. Qg2 Qxg2+ 34. Kxg2 Rc2+ 35. Kf3 Rxa2 0-1